00462nam a2200157Ia 4500001000500000005001700005008004100022041000800063082001300071100005000084245011700134260000900251300002800260650000800288654000800296360020260306145655.0260306t2012||||xx |||||||||||||| ||spa|| aESP a298bT11 aTabatabai, Allamah Seyed Muhammad HusaineAUT 0aIntroducción al conocimiento del Islam:bun análisis resumido en cuanto a creencias, moral y leyes practicas c2012 a238 páginas :c21 cm. aGEN aCHU